00764 2200229 4500001002100000005001700021008004100038035002400079082001100103090002200114100001800136245011000154260002900264300003300293500010500326500003100431650002300462850001500485980001300500985000600513999001500519YOGYA-0209000003950920090227025459.0 ind  0010-020900000039509 a352.44 a352.44bSus UlSK aSUSANTO, Yudi aUpaya peningkatan penerimaan pendapatan asli daerah Kabupaten Dati II Sleman Yogyakartacoleh Ydi Susanto aYogyakartab[s.n.]c1995 axiii, 92 lembarbilusc30 cm aSkripsi : Ilmu Ekonomi dan Studi Pembangunan Fakultas Ekonomi Universitas Wangsa Manggala Yogyakarta aBibliografi : lembar 87-88 aPenghasilan daerah aYOPDYOG(B) a29-01-08 a1 a07A0028530